[Event "AUTO-INT-1159"]
[Site "http://www.queenalice.com/game.php?id=594381"]
[Date "2009.5.27"]
[Round "2"]
[White "Babar"]
[Black "tonycorreia"]
[Result "1-0"]
[WhiteElo "1864"]
[BlackElo "1779"]

1. d4 c6 2. c4 d5 3. Nc3 dxc4 4. a4 e6 5. e4 Bb4 6. Nf3 Qa5 7. Bd2 Qa6 8. Be2
Bxc3 9. Bxc3 f6 10. O-O g6 11. Nd2 1-0

[Event "AUTO-INT-1159"]
[Site "http://www.queenalice.com/game.php?id=594384"]
[Date "2009.5.27"]
[Round "2"]
[White "Babar"]
[Black "Archer"]
[Result "1-0"]
[WhiteElo "1811"]
[BlackElo "1769"]

1. d4 d5 2. c4 dxc4 3. Nf3 c6 4. a4 e6 5. e3 Nf6 6. Bxc4 Bd6 7. Nc3 O-O 8. O-O
Nbd7 9. e4 Qe7 10. e5 Bb8 11. exf6 Nxf6 12. Bg5 h6 13. Bxf6 Qxf6 14. Re1 a6 15.
Ne5 b6 16. Ne4 Qd8 17. Nxc6 Qd7 18. Nxb8 Rxb8 19. d5 e5 20. Ng3 g6 21. Rxe5 b5
22. Bb3 a5 23. Ne4 Qc7 24. d6 Qd8 25. Re7 Kh8 26. Qd4+ f6 27. Nxf6 Qxe7 28. dxe7
Rxf6 29. Qxf6+ Kh7 30. Qf7+ Kh8 31. e8=Q# 1-0

[Event "AUTO-INT-1159"]
[Site "http://www.queenalice.com/game.php?id=594385"]
[Date "2009.5.27"]
[Round "2"]
[White "Archer"]
[Black "Babar"]
[Result "0-1"]
[WhiteElo "1742"]
[BlackElo "1797"]

1. e4 c6 2. d4 d5 3. e5 Bf5 4. g4 Bg6 5. Nc3 e6 6. Bf4 c5 7. Bb5+ Nc6 8. h4 h5
9. g5 cxd4 10. Qxd4 a6 11. Bxc6+ bxc6 12. O-O-O Ne7 13. Nf3 Nf5 14. Qa4 Qc8 15.
Nd4 Nxd4 16. Rxd4 Be7 17. Rhd1 O-O 18. Ne2 c5 19. R4d2 Rb8 20. a3 Qb7 21. c3 d4
22. cxd4 cxd4 23. Nxd4 Rfc8+ 24. Nc2 Qxb2# 0-1

[Event "AUTO-INT-1164"]
[Site "http://www.queenalice.com/game.php?id=595017"]
[Date "2009.5.28"]
[Round "2"]
[White "soutricolor2007"]
[Black "Babar"]
[Result "0-1"]
[WhiteElo "1415"]
[BlackElo "1925"]

1. e4 c6 2. Nc3 d5 3. exd5 cxd5 4. Nf3 e6 5. d4 Nc6 6. Bb5 Bd7 7. O-O Be7 8.
Bxc6 bxc6 9. Bd2 Nf6 10. a3 O-O 11. Bg5 c5 12. dxc5 Bxc5 13. Ne5 Be7 14. Nxd7
Nxd7 15. Bxe7 Qxe7 16. Nb5 Qf6 17. Rb1 a6 18. Nc3 Rfc8 19. f4 Nb6 20. Qd2 Nc4
21. Qd3 Nxa3 22. bxa3 Qxc3 23. Qxc3 Rxc3 24. h3 Rxa3 25. Rb7 Ra4 26. Rfb1 Rc4
27. Rb8+ Rc8 28. Rxc8+ Rxc8 29. Ra1 Ra8 30. Ra5 Kf8 31. g4 Ke7 32. c3 Kd6 0-1

[Event "AUTO-INT-1164"]
[Site "http://www.queenalice.com/game.php?id=595018"]
[Date "2009.5.28"]
[Round "2"]
[White "Babar"]
[Black "soutricolor2007"]
[Result "1-0"]
[WhiteElo "1927"]
[BlackElo "1413"]

1. d4 d5 2. c4 e6 3. Nc3 Bb4 4. a3 Bxc3+ 5. bxc3 dxc4 6. e3 Nf6 7. Bxc4 O-O 8.
Nf3 Nc6 9. O-O h6 10. Re1 a6 11. Bd3 Bd7 12. Bc2 b5 13. e4 a5 14. Bb2 a4 15. Qe2
Qe7 16. Bd3 Rfe8 17. Bxb5 Reb8 18. Bd3 Na5 19. Ne5 Nb3 20. Rab1 Na5 21. c4 Rb6
22. c5 Rb7 23. Ba6 Rba7 24. Bb5 Bxb5 25. Qxb5 Qe8 26. Bc3 Qxb5 27. Rxb5 c6 28.
Rxa5 Rxa5 29. Bxa5 Rxa5 30. Nxc6 Ra6 31. Nb4 Ra8 32. f3 Rc8 33. Rc1 1-0

[Event "AUTO-INT-1164"]
[Site "http://www.queenalice.com/game.php?id=595021"]
[Date "2009.5.28"]
[Round "2"]
[White "Attia"]
[Black "Babar"]
[Result "0-1"]
[WhiteElo "1734"]
[BlackElo "1877"]

1. e4 c6 2. d4 d5 3. Nc3 dxe4 4. Nxe4 Bf5 5. Ng3 Bg6 6. Bf4 e6 7. Bd3 Bxd3 8.
Qxd3 Nf6 9. Nf3 Bd6 10. Bxd6 Qxd6 11. O-O O-O 12. Ng5 h6 13. N5e4 Nxe4 14. Nxe4
Qe7 15. Rfe1 Nd7 16. Nc5 Nxc5 17. dxc5 Qxc5 18. Qc3 Qxc3 19. bxc3 Rfd8 20. Red1
b6 21. Rxd8+ Rxd8 22. h3 Kf8 23. a4 Rd2 24. Rc1 a5 25. Kf1 b5 26. axb5 cxb5 27.
Ke1 Rd5 28. Rd1 Ke7 29. Rxd5 exd5 30. Kd2 Kd6 31. Kd3 Kc5 32. f3 a4 33. Kd2 Kc4
34. g3 a3 35. Kc1 Kxc3 36. Kb1 b4 37. f4 d4 0-1

[Event "AUTO-INT-1164"]
[Site "http://www.queenalice.com/game.php?id=595022"]
[Date "2009.5.28"]
[Round "2"]
[White "Babar"]
[Black "Attia"]
[Result "1/2-1/2"]
[WhiteElo "1887"]
[BlackElo "1684"]

1. d4 d5 2. c4 dxc4 3. Nf3 c6 4. a4 e6 5. e3 Bb4+ 6. Bd2 Qe7 7. Bxc4 Nf6 8. O-O
O-O 9. Nc3 Na6 10. Bd3 b5 11. axb5 cxb5 12. Bxb5 Nc7 13. Bd3 Ncd5 14. Ne4 Nxe4
15. Bxe4 Rb8 16. Bxd5 exd5 17. Bxb4 Qxb4 18. Rxa7 Qxb2 19. Ne5 f6 20. Nd3 Qb6
21. Qa4 Qb1 22. Nc5 Rb2 23. h3 Qg6 24. Qc6 Bxh3 25. Qxd5+ Kh8 26. Ne6 Bxe6 27.
Qxe6 Rbb8 28. Raa1 h6 29. Rad1 Rfe8 30. Qh3 Rb5 31. d5 Rd8 32. d6 Rh5 33. Qf3
Qg5 34. Qg3 Qxg3 35. fxg3 Re5 36. Kf2 Re6 37. Rd4 Rexd6 38. Rfd1 Rxd4 39. exd4
Kg8 40. Kf3 Kf7 41. d5 Ke7 42. Kf4 Kd6 43. Kf5 Kc5 44. Ke6 Rd6+ 45. Kf7 Rxd5 46.
Rc1+ Kd6 47. Kxg7 Rg5+ 48. Kxf6 Rxg3 49. Rh1 1/2-1/2

[Event "AUTO-INT-1164"]
[Site "http://www.queenalice.com/game.php?id=595023"]
[Date "2009.5.28"]
[Round "2"]
[White "yugioh1"]
[Black "Babar"]
[Result "0-1"]
[WhiteElo "1580"]
[BlackElo "1883"]

1. e4 c6 2. Nf3 d5 3. e5 c5 4. Bb5+ Nc6 5. Bxc6+ bxc6 6. d4 Ba6 7. dxc5 Qa5+ 8.
Nc3 Qxc5 9. Be3 Qb4 10. a3 Qb7 11. Na4 e6 12. Bc5 Be7 13. Bxe7 Qxe7 14. Nd4 Rc8
15. b4 Nh6 16. Ne2 O-O 17. Nc5 Bb7 18. Nxb7 Qxb7 19. O-O c5 20. bxc5 Rxc5 21.
Rb1 Qa6 22. Qd3 Qc6 23. Nd4 Qc7 24. Nb5 Qd7 25. a4 a6 0-1

[Event "AUTO-INT-1164"]
[Site "http://www.queenalice.com/game.php?id=595024"]
[Date "2009.5.28"]
[Round "2"]
[White "Babar"]
[Black "yugioh1"]
[Result "1-0"]
[WhiteElo "1879"]
[BlackElo "1584"]

1. d4 Nf6 2. c4 d5 3. Nc3 e6 4. Bg5 Be7 5. e3 O-O 6. Nf3 Nc6 7. Bd3 Bb4 8. O-O
Bxc3 9. bxc3 dxc4 10. Bxc4 a6 11. Bb3 Bd7 12. Bc2 b5 13. Qd3 Ra7 14. Bxf6 g6 15.
Bxd8 Rxd8 16. Qe4 f5 17. Qd3 Be8 18. Ng5 Bf7 19. a3 e5 20. Nxf7 Kxf7 21. d5 Ne7
22. Bb3 Kf8 23. e4 fxe4 24. Qxe4 Nf5 25. Qxe5 Re8 26. Qf6+ 1-0

[Event "AUTO-OPEN-1378"]
[Site "http://www.queenalice.com/game.php?id=629932"]
[Date "2009.8.3"]
[Round "2"]
[White "Babar"]
[Black "TheBigSid"]
[Result "0-1"]
[WhiteElo "1885"]
[BlackElo "2252"]

1. d4 Nf6 2. c4 e6 3. Nc3 Bb4 4. Qc2 c5 5. e3 b6 6. a3 Bxc3+ 7. bxc3 Bb7 8. Qd1
O-O 9. Nf3 d6 10. Be2 Nc6 11. O-O Ne4 12. Qc2 f5 13. Bb2 Qf6 14. Bd3 Na5 15. Qe2
g5 16. Nd2 Nxd2 0-1

[Event "AUTO-OPEN-1378"]
[Site "http://www.queenalice.com/game.php?id=629933"]
[Date "2009.8.3"]
[Round "2"]
[White "TheBigSid"]
[Black "Babar"]
[Result "1-0"]
[WhiteElo "2251"]
[BlackElo "1887"]

1. d4 c6 2. c4 d5 3. e3 Nf6 4. Nc3 a6 5. Nf3 b5 6. cxd5 cxd5 7. Bd3 Bb7 8. O-O
Nbd7 9. b3 e6 10. Bb2 Bb4 11. Rc1 O-O 12. a3 Bxc3 13. Bxc3 Qe7 14. Bb4 Qd8 15.
Bxf8 1-0

[Event "AUTO-INT-1179"]
[Site "http://www.queenalice.com/game.php?id=632089"]
[Date "2009.8.7"]
[Round "2"]
[White "spacey"]
[Black "Babar"]
[Result "0-1"]
[WhiteElo "1896"]
[BlackElo "1865"]

1. e4 c6 2. d4 d5 3. Nc3 dxe4 4. Nxe4 Bf5 5. Nc3 Nf6 6. Nf3 h6 7. Bd3 Bxd3 8.
Qxd3 e6 9. O-O Bd6 10. Be3 O-O 11. Qd2 Bb4 12. a3 Bxc3 13. bxc3 Nbd7 14. h3 Qa5
15. Bxh6 Ne4 16. Qf4 Nxc3 17. Rfe1 gxh6 18. Qxh6 Qf5 19. Ne5 Nxe5 20. Rxe5 Qh7
21. Qxh7+ Kxh7 22. Rae1 Rg8 23. R1e3 Nd5 24. Rb3 b5 25. Rf3 Rg7 26. Kf1 Re8 27.
g3 a5 28. Re1 Ra8 29. Rb1 b4 30. axb4 axb4 31. h4 Ra2 32. Rc1 Kg8 33. Kg2 Kf8
34. Kh3 Ke7 35. g4 Ra8 36. g5 Rh8 37. Rg1 Kd6 38. Kg4 f5+ 39. Kg3 Nf6 40. Kh3
Ng4 41. Rxg4 fxg4+ 42. Kxg4 Rhg8 43. Rb3 c5 44. dxc5+ Kxc5 45. f4 Ra7 46. h5 Ra3
47. h6 Ra2 48. c3 bxc3 49. Rxc3+ Kd4 50. Rc7 Rg2+ 51. Kf3 Rh2 52. Kg3 Rxh6 53.
Kg4 Rh1 54. Re7 Kd5 55. Rd7+ Kc6 56. Rf7 Kd6 57. Rf6 Ke7 0-1

[Event "AUTO-INT-1179"]
[Site "http://www.queenalice.com/game.php?id=632090"]
[Date "2009.8.7"]
[Round "2"]
[White "Babar"]
[Black "spacey"]
[Result "0-1"]
[WhiteElo "1883"]
[BlackElo "1823"]

1. d4 e6 2. c4 Nf6 3. Nc3 d5 4. Bg5 Be7 5. e3 O-O 6. Bd3 Nbd7 7. Nf3 c6 8. O-O
dxc4 9. Bxc4 Nd5 10. Bxe7 Qxe7 11. Re1 N7b6 12. Bxd5 exd5 13. Nd2 Qg5 14. Nf3
Qg6 15. Ne5 Qd6 16. e4 Be6 17. Nd3 Rfe8 18. e5 Qd8 19. Nc5 Rb8 20. Qc1 Qh4 21.
Qd1 Qg5 22. Kh1 Qf4 23. g3 Qxf2 24. Re2 Qf5 25. Qd3 Qh5 26. a4 Bf5 27. Qe3 Nc4
28. Qf2 b6 29. Na6 Rbc8 30. Qf4 Be4+ 31. Kg1 Rf8 32. Rf2 Bd3 33. Nb4 Bg6 34. b3
Na5 35. Rb2 Rce8 36. Kg2 f6 37. Re1 fxe5 38. Rxe5 Rxe5 39. Qxe5 Qf3+ 0-1

[Event "AUTO-INT-1179"]
[Site "http://www.queenalice.com/game.php?id=632095"]
[Date "2009.8.7"]
[Round "2"]
[White "Babar"]
[Black "DORLISS"]
[Result "1-0"]
[WhiteElo "1882"]
[BlackElo "1891"]

1. d4 d5 2. c4 Nf6 3. Nc3 Nc6 4. Bf4 Bf5 5. e3 e6 6. Be2 Be7 7. Nf3 O-O 8. O-O
Nh5 9. Be5 Nxe5 10. dxe5 c6 11. Nd4 f6 12. Bxh5 fxe5 13. Nxf5 exf5 14. cxd5 Qc7
15. dxc6 Qxc6 16. Qd5+ Qxd5 17. Nxd5 Bc5 18. Rac1 Bb6 19. a3 g6 20. Be2 Bd8 21.
Bc4 Kg7 22. Bb3 Ba5 23. Rc5 Bd8 24. Rfc1 b6 25. Rc8 Rxc8 26. Rxc8 Bg5 27. Rc7+
Kh6 28. Rxa7 Rc8 29. g3 Rc1+ 30. Kg2 Rb1 31. Bc4 Rxb2 32. a4 f4 33. exf4 exf4
34. Nxf4 Rb4 35. Bg8 Bxf4 36. Rxh7+ Kg5 37. h4+ Kf5 38. Rf7+ Kg4 39. Rxf4+ Rxf4
40. gxf4 Kxf4 41. f3 Kf5 42. Kg3 Kf6 43. Kg4 Kg7 44. Bd5 Kf6 45. f4 Kg7 46. Kg5
Kh7 47. Be4 Kg7 48. Bxg6 Kh8 49. Kf6 b5 50. axb5 1-0

[Event "AUTO-INT-1179"]
[Site "http://www.queenalice.com/game.php?id=632096"]
[Date "2009.8.7"]
[Round "2"]
[White "DORLISS"]
[Black "Babar"]
[Result "0-1"]
[WhiteElo "1899"]
[BlackElo "1898"]

1. e4 c6 2. Nf3 d5 3. exd5 cxd5 4. d4 Nf6 5. Be2 Nc6 6. O-O Bg4 7. Re1 e6 8. c3
Be7 9. h3 Bh5 10. Nbd2 O-O 11. Nf1 Qc7 12. Ng3 Bg6 13. Bd3 Bxd3 14. Qxd3 Bd6 15.
Nf1 Ne4 16. N3d2 Nxd2 17. Nxd2 Rad8 18. Qc2 Nxd4 19. Qd3 Nf5 20. Nf3 Bf4 21.
Bxf4 Qxf4 22. Re2 Nd6 23. Rae1 Ne4 24. Re3 Nc5 25. Qc2 a6 26. Nd4 Rfe8 27. Nf5
Qg5 28. Nxg7 Qxg7 29. Rg3 Qxg3 30. fxg3 Ne4 31. Kh2 Kh8 32. Rf1 f5 33. Rf4 Rg8
34. g4 fxg4 35. Rxg4 Rxg4 36. hxg4 Rc8 37. Qa4 Rc6 38. Qb4 Nd6 39. Qd4+ Kg8 40.
Qf6 Nf7 41. g5 e5 42. Qf5 Kg7 43. Qd7 d4 44. Qxb7 Rd6 45. cxd4 exd4 46. Kg1 d3
47. g6 hxg6 48. Qf3 d2 49. Qd1 Ng5 50. b4 Ne4 51. b5 axb5 52. Qa1+ Kh7 53. Qd1
Nc3 0-1

[Event "AUTO-INT-1179"]
[Site "http://www.queenalice.com/game.php?id=653917"]
[Date "2009.9.17"]
[Round "3"]
[White "Babar"]
[Black "spacey"]
[Result "1/2-1/2"]
[WhiteElo "1928"]
[BlackElo "1851"]

1. d4 d5 2. c4 e6 3. Nc3 Nf6 4. Bg5 Be7 5. e3 O-O 6. Bd3 c6 7. Qc2 g6 8. Nf3
Nbd7 9. O-O dxc4 10. Bxc4 Nb6 11. Bb3 Nfd5 12. Bxd5 Nxd5 13. Nxd5 exd5 14. Bxe7
Qxe7 15. Qd2 Bf5 16. Rfe1 Rfe8 17. Ne5 f6 18. Nf3 Qg7 19. Nh4 Bd7 20. g3 Re7 21.
Ng2 Rae8 22. a4 a6 23. a5 h5 24. f3 g5 25. e4 dxe4 26. f4 g4 27. Qe3 f5 28. Rad1
Be6 29. Re2 Rd7 30. Red2 Red8 31. Qc3 Bd5 32. Ne3 Qh7 33. Nc4 Bxc4 34. Qxc4+ Rd5
35. Qb4 Rb5 36. Qc4+ Kh8 37. Qe6 Rdd5 38. Qe8+ Kg7 39. b4 Qg6 40. Qe7+ Qf7 41.
Qg5+ Qg6 42. Qe7+ Kh6 43. Rc2 Qd6 44. Qg5+ Kh7 45. Qxh5+ Qh6 46. Qf7+ Qg7 47.
Qh5+ 1/2-1/2

[Event "AUTO-INT-1179"]
[Site "http://www.queenalice.com/game.php?id=653918"]
[Date "2009.9.17"]
[Round "3"]
[White "spacey"]
[Black "Babar"]
[Result "0-1"]
[WhiteElo "1875"]
[BlackElo "1914"]

1. e4 c6 2. d4 d5 3. e5 c5 4. c3 Nc6 5. Nf3 cxd4 6. cxd4 Bg4 7. Nc3 e6 8. Be2
Nge7 9. O-O Nf5 10. Be3 Be7 11. h3 Bxf3 12. Bxf3 Qb6 13. Rb1 Nfxd4 14. Na4 Qb4
15. a3 Nxf3+ 16. gxf3 Qh4 17. Kh2 O-O 18. Rg1 g6 19. Nc3 Rfd8 20. Rg4 Qh5 21.
Nb5 Nxe5 22. Rg3 Bh4 23. Rg4 Nxg4+ 24. fxg4 Qe5+ 25. Kg2 Qe4+ 26. Kh2 Be7 27.
Rc1 a6 28. Nd4 Bd6+ 29. Kg1 Rac8 30. Ne2 Qf3 31. Qd4 Qxe2 32. Bh6 Rxc1+ 33. Kg2
Be5 0-1

[Event "AUTO-INT-1179"]
[Site "http://www.queenalice.com/game.php?id=653919"]
[Date "2009.9.17"]
[Round "3"]
[White "Babar"]
[Black "Hermano"]
[Result "1-0"]
[WhiteElo "1929"]
[BlackElo "1970"]

1. d4 e6 2. c4 c6 3. Nc3 h6 4. Bf4 Bb4 5. Qc2 Qa5 6. e3 Bxc3+ 7. bxc3 Nf6 8. Bd3
d5 9. Bd6 Ne4 10. Bb4 Qc7 11. Bxe4 dxe4 12. Qxe4 a5 13. Ba3 b6 14. Nf3 Bb7 15.
Qg4 g6 16. O-O Nd7 17. Qh4 c5 18. Nd2 Qc6 19. f3 f6 20. Qg3 Kf7 21. e4 e5 22. d5
Qa4 23. Bc1 Ba6 24. f4 Bxc4 25. Nxc4 Qxc4 26. fxe5 Qxe4 27. e6+ Ke7 28. d6+ Kd8
29. exd7 Kxd7 30. Re1 Qd5 31. Be3 g5 32. Qg4+ f5 33. Qh5 f4 34. Bf2 Rag8 35.
Rad1 Qxa2 36. Qf3 Rb8 37. Re7+ Kd8 38. Qc6 1-0

[Event "AUTO-INT-1179"]
[Site "http://www.queenalice.com/game.php?id=653920"]
[Date "2009.9.17"]
[Round "3"]
[White "Hermano"]
[Black "Babar"]
[Result "1/2-1/2"]
[WhiteElo "1933"]
[BlackElo "1947"]

1. e4 c6 2. Nf3 d5 3. exd5 cxd5 4. h3 Nc6 5. Bb5 e6 6. a3 Bd6 7. d3 Bd7 8. Be3
Nge7 9. Bg5 Qb6 10. Bxc6 Nxc6 11. b4 O-O 12. O-O Ne5 13. Be3 Nxf3+ 14. Qxf3 Qc7
15. g3 Bc6 16. Qg4 Be5 17. d4 Bf6 18. c3 Bd7 19. f4 e5 20. f5 exd4 21. Bxd4
Bxd4+ 22. cxd4 f6 23. Rf2 Rae8 24. Qf3 Re4 25. Nd2 Rxd4 26. Nb3 Re4 27. Rc1 Qd6
28. Nc5 Re5 29. Nxb7 Qb6 30. Nc5 Bxf5 31. g4 Bc8 32. Rcc2 Rfe8 33. Rfd2 Bb7 34.
Kh2 Qc7 35. Kg1 Qb6 36. Kh2 Qc7 37. Kg2 h5 38. Ne6 Qd6 39. Nc5 Ba8 40. Kf2 Re3
41. Qxe3 Rxe3 42. Kxe3 Qe5+ 43. Kf2 Qf4+ 44. Ke1 d4 45. gxh5 Qh4+ 46. Kd1 Bf3+
47. Kc1 Qxh3 48. Rxd4 Qxh5 49. Rcd2 Qh1+ 50. Kb2 Qh5 51. Rd7 Qe5+ 52. Kb3 Bg4
53. Rxa7 Be6+ 54. Ka4 Bf5 55. Rd8+ Kh7 56. Rf8 Bc2+ 57. Ka5 Qe3 58. a4 Bb3 59.
Rxf6 Bg8 60. Rb6 Qd4 61. Rbb7 Qd8+ 62. Kb5 Qe8+ 63. Ka5 Qd8+ 64. Rc7 Bc4 65. b5
Kh6 66. Kb4 Be2 67. Rxg7 Qd2+ 68. Kb3 Bd1+ 69. Kc4 Be2+ 1/2-1/2

[Event "AUTO-OPEN-1725"]
[Site "http://www.queenalice.com/game.php?id=668158"]
[Date "2009.10.16"]
[Round "1"]
[White "Giant"]
[Black "Babar"]
[Result "1-0"]
[WhiteElo "1922"]
[BlackElo "1910"]

1. d4 d5 2. Nf3 c6 3. e3 Nf6 4. Bd3 Nbd7 5. O-O e6 6. c4 dxc4 7. Bxc4 b5 8. Bb3
Bb7 9. Nc3 a6 10. a3 Bd6 11. Bc2 O-O 12. e4 e5 13. Bg5 Qc7 14. h3 Rad8 15. Re1
h6 16. Bxf6 Nxf6 17. d5 Rfe8 18. Bb3 c5 19. Qd2 c4 20. Bc2 Qb6 21. b3 cxb3 22.
Bxb3 Rc8 23. Qb2 Qa5 24. Nb1 Nd7 25. Qd2 b4 26. Ra2 Qb6 27. Ba4 Red8 28. Bxd7
Rxd7 29. Rb2 a5 30. Nh4 Bc5 31. Nf5 Kh7 32. a4 Qg6 33. g4 Qg5 34. Qxg5 hxg5 35.
Nd2 g6 36. Ne3 Ba6 37. Nb3 Bxe3 38. Rxe3 Rc3 39. Nxa5 Ra3 40. Rxb4 Ra1+ 41. Kh2
f5 42. f3 Ra2+ 43. Kg1 Rc7 44. Nc6 f4 45. Reb3 Bc8 46. a5 Kh6 47. Rb2 Ra3 48.
Kf2 1-0

[Event "AUTO-OPEN-1725"]
[Site "http://www.queenalice.com/game.php?id=668159"]
[Date "2009.10.16"]
[Round "1"]
[White "Babar"]
[Black "Giant"]
[Result "0-1"]
[WhiteElo "1946"]
[BlackElo "1820"]

1. d4 Nf6 2. c4 g6 3. Nc3 Bg7 4. e4 d6 5. Be2 O-O 6. Nf3 Nc6 7. d5 Ne5 8. Nxe5
dxe5 9. O-O b6 10. a4 a5 11. Qc2 Ne8 12. f4 c6 13. fxe5 Bxe5 14. Bh6 Ng7 15.
Rfd1 Qc7 16. h3 e6 17. Qd3 exd5 18. cxd5 Rd8 19. Rac1 Ba6 20. Qe3 Bxe2 21. Qxe2
c5 22. Nb5 Qe7 23. Bxg7 Kxg7 24. Rc2 Qg5 25. Qf3 Rd7 26. Rf1 f6 27. g4 h5 28.
Rg2 Rh8 29. b3 hxg4 30. Rxg4 Qh5 31. Qg2 Qh6 32. Rf3 Qc1+ 33. Rf1 Qe3+ 34. Rf2
Rh6 35. h4 Qxb3 36. h5 Rxh5 37. Rxg6+ Kh7 38. Re2 Qd1+ 39. Kf2 Rh2 0-1

[Event "AUTO-OPEN-1725"]
[Site "http://www.queenalice.com/game.php?id=668184"]
[Date "2009.10.16"]
[Round "1"]
[White "Babar"]
[Black "doomedbr"]
[Result "0-1"]
[WhiteElo "1892"]
[BlackElo "2276"]

1. d4 d5 2. c4 e6 3. Nc3 c5 4. e3 Nf6 5. Nf3 Nc6 6. Be2 Qd6 7. Nb5 Qb8 8. O-O a6
9. Nc3 dxc4 10. Bxc4 cxd4 11. exd4 Bd6 12. Bg5 Ng4 13. h3 Nh2 14. Re1 O-O 15.
Nxh2 Bxh2+ 0-1

[Event "AUTO-OPEN-1725"]
[Site "http://www.queenalice.com/game.php?id=668185"]
[Date "2009.10.16"]
[Round "1"]
[White "doomedbr"]
[Black "Babar"]
[Result "1-0"]
[WhiteElo "2275"]
[BlackElo "1894"]

1. e4 c6 2. d4 d5 3. Nc3 dxe4 4. Nxe4 Bf5 5. Ng3 Bg6 6. Nf3 h6 7. Bd3 Bxd3 8.
Qxd3 e6 9. Nh5 Qa5+ 10. Bd2 Qxh5 11. O-O Nf6 12. Rae1 Bd6 13. Qb3 Ng4 14. h3 1-0

[Event "AUTO-OPEN-1725"]
[Site "http://www.queenalice.com/game.php?id=668186"]
[Date "2009.10.16"]
[Round "1"]
[White "Babar"]
[Black "holandes"]
[Result "1-0"]
[WhiteElo "1890"]
[BlackElo "1913"]

1. Nf3 Nf6 2. d4 g6 3. c4 Bg7 4. Nc3 c6 5. e3 d6 6. Be2 Bf5 7. Nh4 Be6 8. O-O
O-O 9. e4 Na6 10. Be3 Ne8 11. d5 Bd7 12. Rc1 c5 13. f4 e6 14. Nf3 e5 15. fxe5
dxe5 16. h3 Nd6 17. a3 Qb6 18. Qc2 f5 19. Bg5 Nc7 20. Be7 1-0

[Event "AUTO-OPEN-1725"]
[Site "http://www.queenalice.com/game.php?id=668187"]
[Date "2009.10.16"]
[Round "1"]
[White "holandes"]
[Black "Babar"]
[Result "1-0"]
[WhiteElo "1955"]
[BlackElo "1925"]

1. e4 c6 2. d4 d5 3. Nd2 dxe4 4. Nxe4 Bf5 5. Nc5 e6 6. Nxb7 Qb6 7. Nc5 Bxc5 8.
dxc5 Qxc5 9. Be3 Qxc2 10. Qxc2 Bxc2 11. Nf3 Ne7 12. Rc1 Be4 13. Be2 Nd7 14. O-O
O-O 15. Rfd1 Nd5 16. Ng5 Nxe3 17. Rxd7 1-0